Power electronics (Record no. 1404)

000 -LEADER
fixed length control field 00542nam a2200205 4500
001 - CONTROL NUMBER
control field 1404
003 - CONTROL NUMBER IDENTIFIER
control field BD-DhUET
008 - FIXED-LENGTH DATA ELEMENTS--GENERAL INFORMATION
fixed length control field 140906b xxu||||| |||| 00| 0 eng d
020 ## - INTERNATIONAL STANDARD BOOK NUMBER
International Standard Book Number 8120325036
040 ## - CATALOGING SOURCE
Transcribing agency 0
Modifying agency BD-DhUET
082 ## - DEWEY DECIMAL CLASSIFICATION NUMBER
Classification number 623.17
Item number RAS/2004
100 ## - MAIN ENTRY--PERSONAL NAME
Personal name Rashid, Muhammad H.
245 ## - TITLE STATEMENT
Title Power electronics
Remainder of title circuits, devices, and applications
250 ## - EDITION STATEMENT
Edition statement 3rd ed.
260 ## - PUBLICATION, DISTRIBUTION, ETC. (IMPRINT)
Place of publication, distribution, etc. New Delhi
Name of publisher, distributor, etc. Prentice-Hall of India
Date of publication, distribution, etc. 2004
300 ## - PHYSICAL DESCRIPTION
Extent xxiv,880p.
504 ## - BIBLIOGRAPHY, ETC. NOTE
Bibliography, etc Includes bibliographies
650 #0 - SUBJECT ADDED ENTRY--TOPICAL TERM
Topical term or geographic name as entry element Power electronics
942 ## - ADDED ENTRY ELEMENTS (KOHA)
Koha item type General Book
Holdings
Koha issues (times borrowed) Koha normalized classification for sorting Not for loan Price effective from Copy number Shelving location Koha full call number Koha date last seen Koha item type Piece designation (barcode) Date acquired Koha date last borrowed Location (home branch) Withdrawn status Damaged status Lost status Sublocation or collection (holding branch) Source of classification or shelving scheme
4623_000000000000000_17RAS2004 2014-09-061Circulation section623.17/RAS/20042022-04-12General Book1036522014-09-062021-12-19Central Library, BUET   Central Library, BUET 
1623_000000000000000_17RAS2004 2014-09-062Circulation section623.17/RAS/20042022-11-29General Book1036532014-09-062022-11-29Central Library, BUET   Central Library, BUET 
2623_000000000000000_17RAS2004 2014-09-063Circulation section623.17/RAS/20042018-11-27General Book1036542014-09-062018-10-28Central Library, BUET   Central Library, BUET 
 623_000000000000000_17RAS2004 2014-09-064Circulation section623.17/RAS/20042014-09-06General Book1036552014-09-06 Central Library, BUET   Central Library, BUET 
1623_000000000000000_17RAS2004 2014-09-065Circulation section623.17/RAS/20042016-03-07General Book1036562014-09-062014-12-07Central Library, BUET   Central Library, BUET 
4623_000000000000000_17RAS2004 2014-09-066Circulation section623.17/RAS/20042025-01-26General Book1036572014-09-062023-09-23Central Library, BUET   Central Library, BUET 
3623_000000000000000_17RAS2004 2014-09-067Circulation section623.17/RAS/20042025-02-09General Book1036582014-09-062024-12-08Central Library, BUET   Central Library, BUET 
3623_000000000000000_17RAS2004 2014-09-068Circulation section623.17/RAS/20042023-10-04General Book1036592014-09-062023-09-24Central Library, BUET   Central Library, BUET 
 623_170000000000000_RAS_2004 2014-09-069Circulation section623.17/RAS/20042014-09-06General Book1036602014-09-06 Central Library, BUET   Central Library, BUET 
 623_000000000000000_17RAS2004 2014-09-0610Circulation section623.17/RAS/20042014-09-06General Book1036612014-09-06 Central Library, BUET   Central Library, BUET